Trabajo: libro de lectura para 4º grado

Gespeichert in:
Bibliographische Detailangaben
1. Verfasser: Figueira, José H. Autor
Format: keine Angabe
Sprache:Spanisch
Erschienen: Buenos Aires,Argentina Cabaut 1924
Katalog:MANES:  Suchergebnis im Bibliothekskatalog
Schulbuchspezifische Eigenschaften:
Tags: Tag hinzufügen
Keine Tags, Fügen Sie den ersten Tag hinzu!
Hinzugefügt zu:26.04.2016

MARC

LEADER 000000000a22000000004500
001 15465
003 OSt
008 160427s sp ||||| |||| 00| 0 spa d
041 1 |a spa 
040 |c centro_manes 
691 7 |a PRI 
100 1 |a Figueira, José H.  |b Autor  |9 11547 
245 0 0 |a Trabajo: libro de lectura para 4º grado 
260 3 |a Buenos Aires,Argentina  |b Cabaut  |c 1924 
300 |a 284 p.  |c 19 x12 cm 
500 |a Grabados y fotografías en blanco y negro. Tapa dura. Edición reformada y coordinada con nociones de higiene, economía, derecho y moral científica. El término Buenos Aires, que aparece en el libro, hace referencia a la Ciudad de Buenos Aires. 
690 0 |a EyL 
942 |2 ddc  |c BK 
546 |a Argentina 
999 |c 21439  |d 21439 
999 |c manes:21439  |d 21439